State Quiz- Connecticut - Statistics

General Stats
  • This quiz has been taken 12 times
  • The average score is 19 of 30
Answer Stats
Question Answer % Correct
5) Largest city in the state Bridgeport
100%
3) State capital, the insurance capital of the world Hartford
100%
2) City that the above is in New Haven
100%
11) State bordering CT to the east Rhode Island
100%
20) Basketball powerhouse university Uconn
100%
1) Ivy League Uni, home to the Bulldogs Yale
100%
13) State nickname Constitution
92%
26) This president was born in 1946 in New Haven George Bush
92%
10) Number of counties in the state 8
83%
7) Body of water that borders the state to the south Long Island Sound
83%
23) CT and the other 5 states are part of this region of the US New England
83%
6) This city was a major whaling port duringcolonial times New London
83%
12) This famous author once lived in Hartford, creatorof Huckleberry Finn Mark Twain
75%
9) City in the western part of the state known forhat production Danbury
67%
27) City home to the WWE Headquarters Stamford
67%
15) Coastal seaport town near the RI border, a colonialfishing port Mystic
58%
28) City home to the Maritime Aquarium Norwalk
58%
16) This firearms inventor and innovator lived in Hartfordand established a manufacturing company Samuel Colt
58%
25) The CT Royal decree was hidden in this tree to preventdiscovery, according to legend Charter Oak
50%
17) International airport in Windsor Locks Bradley
42%
22) Rory and Lorelai established their family in the fictionalStars Hollow, CT in this show Gilmore Girls
42%
18) This legendary actress was born in Hartford in May 1907 Katharine Hepburn
42%
21) Famous actor whos philanthropic efforts and charitiesare still going strong today Paul Newman
33%
8) Nickname for the more rural, less populated northeast part of the state Quiet Corner
33%
19) Biggest city in Litchfield county Torrington
33%
24) City in central CT known for its production of brass Waterbury
33%
4) The AHL farm team of the NY Rangers Wolfpack
33%
29) State flower Mountain Laurel
25%
14) Supposedly haunted abandoned town in near Cornwall,now restricted Dudleytown
17%
30) State animal Sperm Whale
17%
No matching quizzes found
Score Distribution
Percent of People with Each Score
Percentile by Number Answered
Your Score History
You have not taken this quiz